| 000 | 00543nam a2200157Ia 4500 | ||
|---|---|---|---|
| 003 | GCL | ||
| 008 | 140319s9999 xx 000 0 ara d | ||
| 040 |
_aGCL / _cGCL |
||
| 082 | 0 | 4 |
_a813.03 _bم ن |
| 245 | 1 | 0 |
_aنجيب محفوظ فى المرأة : _bببليوجرافية عن صاحب جائزة نوبل |
| 260 |
_aالقاهرة : _bدار الكتب والوثائق القومية |
||
| 300 |
_aمتعدد ؛ _c28 سم |
||
| 650 | 0 | 4 | _aنجيب محفوظ |
| 650 | 0 | 4 | _aنجيب محفوظ - ببليوجرافيا |
| 942 |
_2ddc _cBK |
||
| 999 |
_c32700 _d32700 |
||